Famous Pakistani People by Picture - Statistics

General Stats
  • This quiz has been taken 439 times
  • The average score is 7 of 16
Answer Stats
Picture Hint Answer % Correct
Politician Muhammad Ali Jinnah
91%
Politician/Cricketer Imran Khan
86%
Activist Malala Yousafzai
79%
Cricketer Shahid Afridi
73%
Philosopher Muhammad Iqbal
65%
Singer Nusrat Fateh Ali Khan
59%
Politician Liaquat Ali Khan
46%
Philanthropist Abdul Sattar Edhi
45%
Singer Noor Jehan
34%
Army General Ayub Khan
33%
Poet Faiz Ahmed Faiz
28%
Social Activist Asma Jahangir
27%
Theoretical Physicist Dr. Abdus Salam
22%
Squash Player Jahangir Khan
21%
Poet Ahmed Faraz
19%
Diplomat Maleeha Lodhi
11%
No matching quizzes found
Score Distribution
Percent of People with Each Score
Percentile by Number Answered
Your Score History
You have not taken this quiz